000 00235nam a22000857a 4500
008 170605b xxu||||| |||| 00| 0 eng d
100 _93271
_aBhatt. A
245 _aGetting Aheadi main course book
260 _aNew Delhi
_bArya Publication
_c2003
999 _c6586
_d6586